00745pam a2200169 a 4500020001500000082001400015100002300029245019600052260005000248300002600298650003000324650003300354700003000387942001200417999001900429952012700448 a044667387700a306/.09511 aSeligman, Scott D.10aChinese business etiquette :ba guide to protocol, manners, and culture in the People's Republic of China /cScott D. Seligman ; foreword by Robert A. Kapp ; illustrations by Edward J. Trenn. aNew York :bGrand Central Publishing cc1999. axxi, 281 p. ;c20 cm. 0aBusiness etiquette951965 0aCorporations, Foreign9519661 aSeligman, Scott D.951964 2ddccBK c554467d554467 00102ddc40709536271aCLbCLcCHISTd2021-03-29eAllied Book Companyo306/.0951 SELpCL-510r2021-03-29w2021-03-29yBK